STN P CLC/TS 50131-2-5 Poplachové systémy. Elektrické zabezpečovacie systémy Časť 2-5 Požiadavky na kombinované pasívne infračervené a uktrazvukové detekroty

Bibliographic Details
Format: Book
Language:Slovak
PhysicalDescription:44 s.
Published: Bratislava Slovenský ústav technickej normalizácie 2005

MARC

LEADER 00000nam a2200000 a 4500
001 vtls008298205
003 SK-MaSNL
005 20260224073121.0
008 130117s xo u 000 0 slo
015 |a SNBN2013 
040 |a SNK  |b slo  |c SNK  |e AACR2 
245 0 0 |a STN P CLC/TS 50131-2-5 Poplachové systémy. Elektrické zabezpečovacie systémy  |n Časť 2-5  |p Požiadavky na kombinované pasívne infračervené a uktrazvukové detekroty 
260 |a Bratislava  |b Slovenský ústav technickej normalizácie  |c 2005 
300 |a 44 s. 
500 |a Norma je nahradená normou STN EN 50131-2-5 z júna 2009 v celom rozsahu 
774 1 8 |t STN EN 50131-2-5: 2009  |d Bratislava : Slovenský ústav technickej normalizácie, 2009  |w vtls009528305 
999 |c 906521  |d 908451 
952 |a SNK  |b SNK  |y PREZ  |7 0  |p 17A0484189  |o snkSTN P CLC/TS 50131-2-5  |i snk2005/15671  |8 0  |0 0  |1 0  |4 0  |d 2005-09-20  |l 0  |r 2026-02-24 07:31:21  |w 2026-02-24 
952 |a SNK  |b SNK  |y PREZ  |7 0  |p 17A0484188  |o snkSTN P CLC/TS 50131-2-5 D1  |i snk2005/15672  |8 0  |0 0  |1 0  |4 0  |d 2005-09-20  |l 0  |r 2026-02-24 07:31:21  |w 2026-02-24